Conviction of an Indian Disciple (Record no. 365)

MARC details
000 -LEADER
fixed length control field 00703nam a2200253 a 4500
020 ## - INTERNATIONAL STANDARD BOOK NUMBER
ISBN
082 00 - DEWEY DECIMAL CLASSIFICATION NUMBER
Classification number 230.0954
Author Cutter DAS
100 ## - MAIN ENTRY--AUTHOR NAME
Author name Das, R C
245 ## - TITLE STATEMENT
Title Conviction of an Indian Disciple
260 ## - PUBLICATION, DISTRIBUTION, ETC. (IMPRINT)
Place of publication Bangalore
Name of publisher Christian Instt.For Study of Religion
Year of publication 1966
300 ## - PHYSICAL DESCRIPTION
Number of Pages 33p
500 ## - GENERAL NOTE
General note includes index and biblioraphy
505 2# - FORMATTED CONTENTS NOTE
Formatted contents note united nations conference on trade and development.Feb 1 to march 25 1968.
650 ## - SUBJECT ADDED ENTRY--TOPICAL TERM
Topical Term Theology-India
650 ## - SUBJECT ADDED ENTRY--TOPICAL TERM
Topical Term Christianity and Other Religions
942 ## - ADDED ENTRY ELEMENTS (KOHA)
Koha item type Books
700 1# -
-- Das, R C
Holdings
Collection code Home library Current library Date acquired Cost, normal purchase price Full call number Accession Number Koha item type
  Henry Martyn Institute Library Henry Martyn Institute Library 06/13/2007 100.00 230.0954 DAS 03498 Books
                   Copyright © 2026 | Henry Martyn Institute | Hyderabad | TS-500052 | INDIA | Implemented by hmi.edu.in
Hit-Count:

Powered by Koha